000 00372pab a2200145 454500
008 180718b1985 xxu||||| |||| 00| 0 eng d
100 _aPatel, Harbans
245 _aWhy tribal girsl stay away
_bA case study in Gujarat
260 _c1985
300 _a26-8
362 _a26 Oct.
650 _aTribes and Tribal System - Gujarat
773 _aMainstream
909 _a19674
999 _c19674
_d19674